Gaming Quiz

Random Gaming or Blitz Quiz

Monopoly Property Matching Quiz Stats

Quiz not verified by Sporcle

Score 0/8 Timer 00:30
0 Plays Today
% Correct
Boardwalk
88.4%
Mediterranean
63.9%
Kentucky
56.7%
Oriental
47.6%
Tennessee
47.1%
Pacific
45.1%
Atlantic
43.1%
States
35.5%

You're not logged in!

Compare scores with friends on all Sporcle quizzes.
Sign Up with Email
OR
Log In

You Might Also Like...

Show Comments

Extras

Top Quizzes Today


Score Distribution

Your Account Isn't Verified!

In order to create a playlist on Sporcle, you need to verify the email address you used during registration. Go to your Sporcle Settings to finish the process.